| 000 | 00683nam a2200205Ia 4500 | ||
|---|---|---|---|
| 003 | GCL | ||
| 005 | 20240530102924.0 | ||
| 008 | 140319s9999 xx 000 0 ara d | ||
| 040 |
_aGCL / _cGCL |
||
| 082 | 0 | 4 |
_a811.009 _bو ع |
| 100 | 0 | _aوليد غائب صالح (مترجم وكتابة) | |
| 245 | 1 | 0 |
_aعبدالوهاب البياتى من الشيخ الى قرطبة / _cوليد غائب صالح (مترجم وكتابة) |
| 260 |
_a[S.N] : _bدار الحداثة ، _c1992 |
||
| 300 | _a152 ص | ||
| 650 | 0 | 4 | _aالشعر العربى |
| 650 | 0 | 4 | _aالادب العربى |
| 650 | 0 | 4 | _aالعصر الحديث |
| 650 | 0 | 4 | _aتاريخ ونقد |
| 942 |
_2ddc _cBK |
||
| 999 |
_c35379 _d35379 |
||